00819cam a2200205 a 450000100100000000500170001000800410002704000250006805000220009310000480011524500490016325000110021226000660022330000210028949000210031058600530033195201040038495201100048899900150059800000883120200929161423.0920916s1988 cu 000 0 spa  aDO-SdBNPbspacBNPHU00aMLCS 96/05377 (P)1 aFernández, Alfredo Antonio,d1945-92338613aEl candidato /cAlfredo Antonio Fernández. a2a ed. aLa Habana :bUnión de Escritores y Artistas de Cuba,c1988. a119 p. ;c19 cm.1 aContemporáneos aPremio UNEAC de novela 1978 "Cirilo Villaverde". 001050718MOaGRbGRcHDd2009-09-18iLF1l0o p8831-10r2020-06-25w2020-06-25y1ZNo se presta 001150718MOaGRbGRcMId2017-05-29iLF1l0o p8831-20r2020-06-25te. 2w2020-06-25y1ZNo se presta c8600d8600